000 00600nam a22001697a 4500
008 020420b xxu||||| |||| 00| 0 eng d
020 _a978-0-85702-421-3
040 _aG.U
_cT.O.D
_dG.U
041 _aEnglish
082 _a300.72 SIL
245 _aInterpreting Qualitative Data :
_bA guide to the principles of qualitative research /
_cSilverman, David . _
250 _a4th Edition . _
260 _aLos Angeles :
_bSAGE publications,
_cc2011
300 _axv, 500 pages :
_bill. ;
_c24 cm.
_eincludes bibliographical references and indexes
650 _vQualitative Research
942 _2ddc
_cBOOK
999 _c880
_d880